000 00927njm a2200289Ia 4500
001 25769
003 IT-RoPAU
005 20220918181130.0
008 131025s9999 xx 000 0 und d
040 _aIT-RoPAU
040 _cIT-RoPAU
999 _c100520
_d100520
999 _bn.d.
100 _aGlass Philip
_914251
100 _eAutore musica
_914252
100 _gCodice autore musica SPICS: 11482
_914253
245 _aKoyaanisqatsi
250 _a1a ed.
260 _aLONDON
260 _bISLAND RECORDS
_c1983 [1a Ed.:1983 - Ed. Lingua Orig.: 1983]
300 _aDISCO
300 _c47 minuti (Testo: pag.)
500 _aMusica minimale. Colonna sonora. Musica da film
505 _aKoyaanisqatsi - Vessels - Cloudscape - Pruit Igoe - The Grid - Prophecies
650 _aCOLONNA SONORA [DISCHI]
_eCodice MATERIA SPICS: 9950
_914254
700 _aGlass Philip
_gCodice interprete SPICS: 11482
_eInterprete
_914255
942 _cMD
_2ddc